Just Keep Watching (Lyrics)- Tate McRae - Statistics

General Stats
  • This quiz has been taken 193 times
  • The average score is 262 of 326
Answer Stats
Answer % Correct
I
99%
Just
96%
just
96%
what
96%
my
95%
keep
94%
on
94%
this
94%
like
93%
watchin'
93%
you
91%
You
91%
the
90%
back
88%
wanna
88%
Wanna
88%
down
86%
me
86%
Eyes
85%
eyes
85%
go
84%
night
84%
it
82%
your
82%
Your
82%
let
80%
hair
79%
one
79%
by
78%
here
78%
for
76%
up
76%
to
74%
Twist
73%
wrist
73%
archin'
72%
tell
72%
Tell
72%
don't
71%
know
71%
track
71%
Goes
70%
If
70%
if
70%
'em
69%
that?
69%
all
68%
All
68%
mind
68%
right
68%
in?
66%
is
66%
out
66%
buyin'
65%
move
65%
Take
65%
take
65%
with
65%
ain't
64%
start
63%
from
62%
It's
62%
place
62%
make
61%
can't
59%
face
59%
I'm
59%
how
58%
lights
57%
alright
56%
'til
56%
I'll
55%
show
55%
staring
55%
time
53%
love
52%
friends
51%
where
51%
'Cause
49%
But
48%
give
48%
difficult
46%
they
46%
While
46%
try
45%
might
42%
No matching quizzes found
Score Distribution
Percent of People with Each Score
Percentile by Number Answered
Your Score History
You have not taken this quiz